Normal view
MARC view
- الاسلام والراسمالية والازمات الاقنصادية
Entry Topical Term
001 - CONTROL NUMBER
- control field: 34119
003 - CONTROL NUMBER IDENTIFIER
- control field: JO-AjAnu
005 - DATE AND TIME OF LATEST TRANSACTION
- control field: 20230606075722.0
008 - FIXED-LENGTH DATA ELEMENTS
- fixed length control field: 230606|| aca||aabn | a|a d
040 ## - CATALOGING SOURCE
- Original cataloging agency: JO-AjAnu
- Transcribing agency: JO-AjAnu
150 ## - HEADING--TOPICAL TERM
- Topical term or geographic name entry element: الاسلام والراسمالية والازمات الاقنصادية
670 ## - SOURCE DATA FOUND
- Source citation: Work cat.: (JO-AjAnu)17522: الرملاوي،محمد سعيد محمد, author 34118, الازمة الاقتصادية العالمية:انذار للراسمالية ودعوة للشريعة الاسلامية